<?xml version="1.0" encoding="utf-8"?>
<?xml-stylesheet type='text/xsl' href='./oai2.xsl'?>
<OAI-PMH xmlns="http://www.openarchives.org/OAI/2.0/" xmlns:xsi="http://www.w3.org/2001/XMLSchema-instance" xsi:schemaLocation="http://www.openarchives.org/OAI/2.0/ http://www.openarchives.org/OAI/2.0/OAI-PMH.xsd">
  <responseDate>2026-05-17T17:41:50Z</responseDate>
  <request verb="GetRecord" metadataPrefix="marcxml" identifier="record_kuniweb_21804">https://kulturerbe.niedersachsen.de/oai</request>
  <GetRecord>
    <record>
      <header>
        <identifier>record_kuniweb_21804</identifier>
        <datestamp>2015-06-19T12:07:43Z</datestamp>
        <setSpec>slg0103</setSpec>
      </header>
      <metadata>
        <marc:record xmlns:marc="http://www.loc.gov/MARC21/slim" xsi:schemaLocation="http://www.loc.gov/MARC21/slim http://www.loc.gov/standards/marcxml/schema/MARC21slim.xsd">
          <marc:leader>12345nem  22     uu 4500</marc:leader>
          <marc:controlfield tag="001">21804</marc:controlfield>
          <marc:controlfield tag="003">http://kuniweb.gbv.de</marc:controlfield>
          <marc:controlfield tag="005">2015-04-11T18:45:37</marc:controlfield>
          <marc:controlfield tag="008">|           ||||||||||||||||||||||</marc:controlfield>
          <marc:datafield tag="245" ind1="1" ind2="0">
            <marc:subfield code="a">Typus oder Abriß des Hep(!)tzogthumbs Brunschwig und unliegenden Landschaffen</marc:subfield>
          </marc:datafield>
          <marc:datafield tag="700" ind1="1" ind2=" ">
            <marc:subfield code="a">Custos</marc:subfield>
            <marc:subfield code="e">Kupferstecher</marc:subfield>
          </marc:datafield>
          <marc:datafield tag="655" ind1=" " ind2="7">
            <marc:subfield code="a">Karten</marc:subfield>
          </marc:datafield>
          <marc:datafield tag="046" ind1=" " ind2=" ">
            <marc:subfield code="k">1626</marc:subfield>
            <marc:subfield code="k">1626 Jahr der Veröffentlichung.</marc:subfield>
          </marc:datafield>
          <marc:datafield tag="260" ind1=" " ind2=" ">
            <marc:subfield code="g">1626</marc:subfield>
            <marc:subfield code="g">1626 Jahr der Veröffentlichung.</marc:subfield>
          </marc:datafield>
          <marc:datafield tag="300" ind1=" " ind2=" ">
            <marc:subfield code="a">Höhe: 26 cm
Breite: 31 cm</marc:subfield>
          </marc:datafield>
          <marc:datafield tag="520" ind1=" " ind2=" ">
            <marc:subfield code="a">Ausrichtung: Norden
Rückseite: leer

Anmerkungen: 
Von dieser Karte gibt es zwei weitere Zustände mit der Stecheradresse David Custodis und Randgraduierung:
1. Titel wie vorliegende Karte einschließlich des Druckfehlers in "Hertzogthumbs", reichhaltiger durch mehr Ortseintragungen und Beschriftung von Flüssen, veröffentlicht in
- "Östreichischer Lorbeerkrantz ...", 1627, im 9. Buch nach Seite 920
- "Laurea Austriaca ..." von Julius Bellus (= Michael Caspar Lundorp), gedruckt von Erasmus Kempffer, bei Johann Theobald Schönwetter, Frankfurt am Main 1627, im IX. Buch nach Seite 770
- "Theatrum Historiae Universalis Catholico-Protestantium ..." von Nicolaus Helvicus (= Nikolaus Helwig), gedruckt von Matthäus Kempffer, bei Johann Gottfried Schönwetter, Frankfurt am Main 1641, im 15. Buch nach Seite 518; ebenso in der Ausgabe 1644 Nicolaus Helvicus (= Nikolaus Helwig) und Georg Engelsüß
2. Titel "Typus oder Abriß deß Hertzogthumbs Brunschwig und umliegenden Landschaffen", andere Schrift, andere Plazierung der Stecheradresse, Maßstab von 4 gewöhnlichen Meilen, noch reichhaltiger durch vermehrte Ortseintragungen, Berg- und Waldsignaturen, veröffentlicht in
-  "Östreichischer Lorbeerkrantz ..." von Nicolaus Bellus (= Michael Caspar Lundorp), erste Ausgabe, gedruckt von Erasmus Kempffer, bei Johann Theobald Schönwetter, Frankfurt am Main 1625, nach Seite 440 (Exemplar der SUB Göttingen)

Veröffentlicht in:
N. Bellus, Schönwetterus, J. T., , und Lorbeerkrantz oder Keyserliche Victori“. Schönwetter, Franckfurt am Mayn, 16261628. (im 9. Buch nach S. 920)</marc:subfield>
          </marc:datafield>
          <marc:datafield tag="650" ind1="1" ind2=" ">
            <marc:subfield code="a">Landkarte</marc:subfield>
          </marc:datafield>
          <marc:datafield tag="773" ind1="0" ind2=" ">
            <marc:subfield code="t">Sammlung Körber-Einbeck</marc:subfield>
          </marc:datafield>
          <marc:datafield tag="852" ind1=" " ind2=" ">
            <marc:subfield code="a">Institut für Historische Landesforschung der Universität Göttingen</marc:subfield>
          </marc:datafield>
          <marc:datafield tag="" ind1=" " ind2=" ">
            <marc:subfield code="a">Namensnennung-Nicht kommerziell 4.0 International (CC BY-NC 4.0))</marc:subfield>
          </marc:datafield>
        </marc:record>
      </metadata>
    </record>
  </GetRecord>
</OAI-PMH>
